Statistiques concernant Paroles Lynda - Ma berceuse

Cliquez ici pour prendre le quiz!

Statistiques générales

  • Ce quiz a été pris 49 fois
  • Le résultat moyen est 278 sur 332

Statistiques - réponses

Réponse% Correct
à
100%
A
100%
a
100%
la
97%
La
97%
dit
94%
il
94%
Il
94%
Le
94%
le
94%
m'a
94%
ma
94%
Tu
94%
tu
94%
comme
91%
Je
91%
sa
91%
toi
91%
c'est
89%
dors
89%
en
89%
filles
89%
Les
89%
les
89%
mais
89%
pas
89%
que
89%
tes
89%
bella
86%
bercé
86%
côtés
86%
facile
86%
j'suis
86%
J'suis
86%
par
86%
passé
86%
sais
86%
ses
86%
toujours
86%
y
86%
bien
83%
bras
83%
coeur
83%
dans
83%
Dans
83%
de
83%
et
83%
me
83%
mes
83%
première
83%
si
83%
suis
83%
t'écouter
83%
Tous
83%
tout
83%
toutes
83%
Toutes
83%
un
83%
vie
83%
yeux
83%
croire
80%
envouter
80%
même
80%
Même
80%
Moi
80%
Nous
80%
ou
80%
rose
80%
ai
77%
assez
77%
c'était
77%
connaitre
77%
erreurs
77%
faux
77%
gâché
77%
héro
77%
j'croyais
77%
J'croyais
77%
J'pensais
77%
j'peux
77%
J'voyais
77%
l'homme
77%
mentais
77%
mots
77%
parfait
77%
passer
77%
plus
77%
qui
77%
sonnent
77%
sont
77%
vrai
77%
zéro
77%
cassé
74%
cobra
74%
danser
74%
des
74%
Des
74%
fais
74%
j'ai
74%
jamais
74%
j'étais
74%
j'les
74%
J'voulais
74%
laisser
74%
mensonges
74%
m'ont
74%
ne
74%
Parole
74%
reverra
74%
rêves
74%
cauchemar
71%
d'la
71%
flûte
71%
joué
71%
mariage
71%
ont
71%
promesses
71%
belles
69%
croyais
69%
deux
69%
ensorcelées
69%
Est-ce
69%
être
69%
film
69%
l'panneau
69%
mauvais
69%
m'faire
69%
parano
69%
paroles
69%
profonds
69%
raconte
69%
rôle
69%
tombée
69%
voulait
69%
concrétisées
66%
fini
66%
sommeils
66%
guidée
63%
hanté
63%
hypnotisée
63%
oreille
63%
sourde
63%
mémoire
60%
s'envoler
60%
foi
57%

Distribution des résultats

Percentile par nombre de réponses

% des personnes avec chaque résultat

Votre développement - résultats

Vous n’avez pas pris ce quiz